| 000 | 01429nam0a22002651 4500 | ||
|---|---|---|---|
| 001 | rc\4696795 | ||
| 005 | 20250612155011.0 | ||
| 021 |
_aRU _b[59-8673] |
||
| 035 | _a(NLR Aleph) 008717088 | ||
| 090 |
_a9394505 _c9394505 |
||
| 100 | _a20130416d1959 |||y0rusy50 ca | ||
| 101 | 0 | _arus | |
| 102 | _aRU | ||
| 105 | _ay z ||||| | ||
| 200 | 1 |
_aТезисы докладов _fМ-во здравоохранения РСФСР. Гос. науч.-исслед. ин-т психиатрии МЗ РСФСР. Перм. обл. отд. здравоохранения. Перм. гос. мед. ин-т Перм. обл. психоневрол. больница. Объед. науч. сессия Гос. науч.-исслед. ин-та психиатрии МЗ РСФСР. Перм. психоневрол. больницы и психиатрич. клиники с участием психоневрол. учреждений Урала 2-6 февр. 1959 г. |
|
| 210 |
_aПермь _cБ. и. _d[1959] |
||
| 215 |
_a76 с. _d22 |
||
| 606 |
_aПсихиатрия _jТезисы докладов _2psbo |
||
| 710 | 0 | 2 |
_aНИИ психиатрии Министерства здравоохранения РСФСР _bНаучная сессия _eПермь _f1959 _9692349 _3RU\NLR\AUTH\880515871 |
| 801 | 0 |
_aRU _bNLR _gpsbo |
|
| 801 | 1 |
_aRU _bELAR _2rusmarc |
|
| 852 |
_aNLR _j59-6/1719 |
||
| 942 | _cBOOK | ||
| 980 | _aNB | ||